Иммобилизация радиоактивных отходов в первоскитоподобную матрицу на основе алюминида никеля, полученную в режиме технологического горения; Высокие технологии в современной науке и технике (ВТСНТ-2016)

Бібліографічні деталі
Parent link:Высокие технологии в современной науке и технике (ВТСНТ-2016).— 2016.— [С. 348]
Автор: Посохов Д. В.
Співавтор: Национальный исследовательский Томский политехнический университет (ТПУ) Физико-технический институт (ФТИ) Кафедра физико-энергетических установок (№ 21) (ФЭУ)
Інші автори: Кузьмин В. С. (научный руководитель), Семенов А. О. Андрей Олегович
Резюме:Заглавие с титульного экрана
Мова:Російська
Опубліковано: 2016
Серія:Рациональное использование минеральных и водных ресурсов
Предмети:
Онлайн доступ:http://earchive.tpu.ru/handle/11683/36534
Формат: MixedMaterials Електронний ресурс Частина з книги
KOHA link:https://koha.lib.tpu.ru/cgi-bin/koha/opac-detail.pl?biblionumber=621850

MARC

LEADER 00000naa2a2200000 4500
001 621850
005 20231101133201.0
035 |a (RuTPU)RU\TPU\conf\20471 
035 |a RU\TPU\conf\20470 
090 |a 621850 
100 |a 20170123d2016 k y0rusy50 ca 
101 0 |a rus 
102 |a RU 
105 |a y z 101zy 
135 |a drcn ---uucaa 
181 0 |a i  
182 0 |a b 
200 1 |a Иммобилизация радиоактивных отходов в первоскитоподобную матрицу на основе алюминида никеля, полученную в режиме технологического горения  |f Д. В. Посохов, В. С. Кузьмин  |g науч. рук. А. О. Семенов 
203 |a Текст  |c электронный 
225 1 |a Рациональное использование минеральных и водных ресурсов 
230 |a 1 компьютерный файл (pdf; 196 Kb) 
300 |a Заглавие с титульного экрана 
320 |a [Библиогр.: с. 348 (1 назв.)] 
463 1 |0 (RuTPU)RU\TPU\conf\20333  |t Высокие технологии в современной науке и технике (ВТСНТ-2016)  |o сборник научных трудов V Международной научно-технической конференции молодых ученых, аспирантов и студентов, г. Томск, 5–7 декабря 2016 г.  |f Национальный исследовательский Томский политехнический университет (ТПУ) ; под ред. А. Н. Яковлева  |v [С. 348]  |d 2016 
610 1 |a труды учёных ТПУ 
610 1 |a электронные ресурсы 
610 1 |a матричные материалы 
610 1 |a радиоактивные отходы 
610 1 |a иммобилизация 
610 1 |a радиоактивные отходы 
610 1 |a высокотемпературный синтез 
700 1 |a Посохов  |b Д. В. 
701 1 |a Кузьмин  |b В. С. 
702 1 |a Семенов  |b А. О.  |c физик  |c старший преподаватель Томского политехнического университета  |f 1984-  |g Андрей Олегович  |2 stltpush  |4 727 
712 0 2 |a Национальный исследовательский Томский политехнический университет (ТПУ)  |b Физико-технический институт (ФТИ)  |b Кафедра физико-энергетических установок (№ 21) (ФЭУ)  |h 48  |2 stltpush  |3 (RuTPU)RU\TPU\col\18730 
801 2 |a RU  |b 63413507  |c 20170207  |g RCR 
856 4 |u http://earchive.tpu.ru/handle/11683/36534 
942 |c BK